Catálogo público

Biopesticidas de origen vegetal (Record no. 90930)

MARC details
000 -CABECERA
campo de control de longitud fija 01395cam a22003497a 4500
003 - IDENTIFICADOR DEL NÚMERO DE CONTROL
campo de control CHAP
005 - FECHA Y HORA DE LA ÚLTIMA TRANSACCIÓN
campo de control 20220329143029.0
008 - DATOS DE LONGITUD FIJA--INFORMACIÓN GENERAL
campo de control de longitud fija 050919s2004 es r 00110 spa d
010 ## - NÚMERO DE CONTROL DE LA BIBLIOTECA DEL CONGRESO
Número de control de LC 90930
011 ## - ENLACE DEL NUMERO DE CONTROL DE LA BIBLIOTECA DEL CONGRESO [OBSOLETO]
Número de control de LC 91902
020 ## - NÚMERO INTERNACIONAL ESTÁNDAR DEL LIBRO
Número Internacional Estándar del Libro 8484761940
035 ## - NÚMERO DE CONTROL DEL SISTEMA
Número de control de sistema 102465
040 ## - FUENTE DE LA CATALOGACIÓN
Centro/agencia transcriptor CHAP
082 04 - NÚMERO DE LA CLASIFICACIÓN DECIMAL DEWEY
Número de clasificación 632.95
Número de documento/Ítem R43
100 00 - ENTRADA PRINCIPAL--NOMBRE DE PERSONA
Nombre de persona Regnault Roger, Catherine
Término indicativo de función/relación coord.
9 (RLIN) 95703
245 10 - MENCIÓN DE TÍTULO
Título Biopesticidas de origen vegetal
Mención de responsabilidad, etc. /coord. por Catherine Regnault-Roger, Bernard J.R. Philogene y Charles Vincent
260 ## - PUBLICACIÓN, DISTRIBUCIÓN, ETC.
Lugar de publicación, distribución, etc. Madrid :
Nombre del editor, distribuidor, etc. Mundi-Prensa,
Fecha de publicación, distribución, etc. 2004
300 ## - DESCRIPCIÓN FÍSICA
Extensión xxviii, 337 p.
590 ## - NOTA LOCAL (RLIN)
Nota local BATCH-UPD
Procedencia (VM) [OBSOLETO] 10
Condición del los carretes individuales (VM) [OBSOLETO] 20130110
-- UCH01
-- 0404
590 ## - NOTA LOCAL (RLIN)
Nota local CONVERSION
Procedencia (VM) [OBSOLETO] 10
Condición del los carretes individuales (VM) [OBSOLETO] 20130109
-- UCH01
-- 1350
650 14 - PUNTO DE ACCESO ADICIONAL DE MATERIA--TÉRMINO DE MATERIA
Término de materia o nombre geográfico como elemento de entrada Pesticidas de origen vegetal.
9 (RLIN) 87574
700 0# - PUNTO DE ACCESO ADICIONAL--NOMBRE DE PERSONA
Nombre de persona Philogene, Bernard J.R.
Término indicativo de función/relación coord.
9 (RLIN) 87849
700 0# - PUNTO DE ACCESO ADICIONAL--NOMBRE DE PERSONA
Nombre de persona Vincent, Charles
Término indicativo de función/relación coord.
9 (RLIN) 119827
901 ## - ELEMENTOS DE DATOS A LOCAL LDA (RLIN)
a BK
905 ## - ELEMENTOS DE DATOS E LOCAL, LDE (RLIN)
a Lilia
942 ## - ELEMENTOS DE PUNTO DE ACCESO ADICIONAL (KOHA)
Tipo de ítem Koha Libro
949 ## - PROCESAMIENTO DE INFORMACIÓN LOCAL (OCLC)
a 632.95 R43
b BC
c LIBRO
d 33724000958096
e LIBRO
g I.225341
h 106904
i 102465
s i
t $796.00
949 ## - PROCESAMIENTO DE INFORMACIÓN LOCAL (OCLC)
a 632.95 R43
b BC
c LIBRO
d 33724000971305
e LIBRO
f c.2
g I.223593
h 106923
i 102465
s i
t $796.00
949 ## - PROCESAMIENTO DE INFORMACIÓN LOCAL (OCLC)
a 632.95 R43
b BC
c LIBRO
d 33724000971362
e LIBRO
f c.3
g I.223594
h 106922
i 102465
s i
t $796.00
949 ## - PROCESAMIENTO DE INFORMACIÓN LOCAL (OCLC)
a 632.95 R43
b BC
c LIBRO
d 33724002048975
e LIBRO
f c.5
g I.c/e
h 109078
i 102465
s i
t $796.00
949 ## - PROCESAMIENTO DE INFORMACIÓN LOCAL (OCLC)
a 632.95 R43
b BC
c LIBRO
d 33724002049017
e LIBRO
f c.4
g I.c/e
h 109077
i 102465
s i
t $796.00
Holdings
Estado de retiro Estado de pérdida Fuente del sistema de clasificación o colocación Estado dañado Restricciones de uso No para préstamo Código de colección Localización permanente Ubicación/localización actual Ubicación en estantería Fecha de adquisición Fuente de adquisición Información codificada de la localización en otra ubicación Total de préstamos Signatura topográfica completa Código de barras Fecha visto por última vez Número de copia Precio válido a partir de Tipo de ítem Koha Fecha del último préstamo
    Dewey Decimal Classification   Préstamo 15 días   General Biblioteca Central Biblioteca Central Planta principal - Colección General 31/12/2019 I.223593 LIBRO   632.95 R43 33724000971305 31/12/2019 c.2 31/12/2019 Libro  
    Dewey Decimal Classification   Préstamo 15 días   General Biblioteca Central Biblioteca Central Planta principal - Colección General 31/12/2019 I.223594 LIBRO 1 632.95 R43 33724000971362 06/06/2023 c.3 31/12/2019 Libro 31/05/2023
    Dewey Decimal Classification   Préstamo 15 días   General Biblioteca Central Biblioteca Central Planta principal - Colección General 31/12/2019 I.225341 LIBRO   632.95 R43 33724000958096 31/12/2019   31/12/2019 Libro  
    Dewey Decimal Classification   Préstamo 15 días   General Biblioteca Central Biblioteca Central Planta principal - Colección General 31/12/2019 I.c/e LIBRO   632.95 R43 33724002048975 31/12/2019 c.5 31/12/2019 Libro  
    Dewey Decimal Classification   Préstamo 15 días   General Biblioteca Central Biblioteca Central Planta principal - Colección General 31/12/2019 I.c/e LIBRO   632.95 R43 33724002049017 31/12/2019 c.4 31/12/2019 Libro